Campeões do Campeonato Brasileiro por Ano - Statistics

Estatísticas Gerais
  • Esse quiz foi jogado 187 vezes
  • A pontuação média é 35 de 46
Estatísticas das Respostas
Ano Campeão % Correto
2016 Palmeiras
100%
2014 Cruzeiro
98%
2013 Cruzeiro
98%
2009 Flamengo
98%
2015 Corinthians
97%
2012 Fluminense
97%
2011 Corinthians
96%
2008 São Paulo
96%
2010 Fluminense
95%
2007 São Paulo
95%
2006 São Paulo
95%
2005 Corinthians
93%
2003 Cruzeiro
92%
2004 Santos
92%
2002 Santos
92%
2000 Vasco
87%
2001 Atlético Paranaense
86%
1999 Corinthians
84%
1995 Botafogo
83%
1997 Vasco
78%
1998 Corinthians
77%
1996 Grêmio
77%
1994 Palmeiras
75%
1987 Sport
75%
1990 Corinthians
71%
1992 Flamengo
71%
1993 Palmeiras
71%
1991 São Paulo
69%
1971 Atlético Mineiro
67%
1989 Vasco
66%
1988 Bahia
62%
1985 Coritiba
62%
1980 Flamengo
62%
1979 Internacional
62%
1982 Flamengo
59%
1983 Flamengo
58%
1986 São Paulo
58%
1981 Grêmio
56%
1976 Internacional
56%
1974 Vasco
55%
1972 Palmeiras
54%
1984 Fluminense
53%
1975 Internacional
53%
1977 São Paulo
53%
1973 Palmeiras
51%
1978 Guarani
50%
Nenhum quiz correspondente encontrado
Distribuição das Pontuações
Porcentagem de Pessoas com Cada Pontuação
Percentil de Números Respondidos
Sua Pontuação Histórica
Você não jogou esse quiz